<?xml version="1.0" encoding="UTF-8"?>
<marc:record xmlns:marc="http://www.loc.gov/MARC21/slim">
   <marc:leader>00000nam a2200000 a 4500</marc:leader>
   <marc:datafield ind1="1" ind2=" " tag="100">
      <marc:subfield code="a">Groote, Kim de</marc:subfield>
      <marc:subfield code="4">aut</marc:subfield>
      <marc:subfield code="e">Verfasser/-in</marc:subfield>
   </marc:datafield>
   <marc:datafield ind1=" " ind2=" " tag="653">
      <marc:subfield code="a">Altenbildung</marc:subfield>
   </marc:datafield>
   <marc:datafield ind1=" " ind2=" " tag="653">
      <marc:subfield code="a">Kulturpädagogik</marc:subfield>
   </marc:datafield>
   <marc:datafield ind1=" " ind2=" " tag="653">
      <marc:subfield code="a">Bildungsangebot</marc:subfield>
   </marc:datafield>
   <marc:datafield ind1=" " ind2=" " tag="653">
      <marc:subfield code="a">Bildungsnachfrage</marc:subfield>
   </marc:datafield>
   <marc:datafield ind1=" " ind2=" " tag="653">
      <marc:subfield code="a">Softcover / Pädagogik/Erwachsenenbildung</marc:subfield>
   </marc:datafield>
   <marc:datafield ind1=" " ind2=" " tag="653">
      <marc:subfield code="a">Hochschulschrift</marc:subfield>
   </marc:datafield>
   <marc:datafield ind1="0" ind2="0" tag="245">
      <marc:subfield code="a">„Entfalten statt liften!“</marc:subfield>
   </marc:datafield>
   <marc:datafield ind1="0" ind2="0" tag="245">
      <marc:subfield code="b">eine qualitative Untersuchung zu den Bedürfnissen von Senioren in kulturellen Bildungsangeboten</marc:subfield>
   </marc:datafield>
   <marc:datafield ind1="0" ind2="0" tag="245">
      <marc:subfield code="c">Kim de Groote. [IBK, Institut für Bildung und Kultur</marc:subfield>
   </marc:datafield>
   <marc:datafield ind1=" " ind2="1" tag="264">
      <marc:subfield code="a">München</marc:subfield>
      <marc:subfield code="b">kopaed</marc:subfield>
      <marc:subfield code="c">2013</marc:subfield>
   </marc:datafield>
   <marc:datafield ind1="1" ind2=" " tag="490">
      <marc:subfield code="a">Kulturelle Bildung</marc:subfield>
      <marc:subfield code="v">34</marc:subfield>
   </marc:datafield>
   <marc:datafield ind1="1" ind2=" " tag="520">
      <marc:subfield code="a">Angaben aus der Verlagsmeldung

„Entfalten statt liften!“ : Eine qualitative Untersuchung zu den Bedürfnissen von Senioren in kulturellen Bildungsangeboten Hrsg. vom Institut für Bildung und Kultur / von Kim de Groote

Von vielen Kulturanbietern wurde der demografische Wandel bereits zum Anlass genommen, sich der neuen, wachsenden Zielgruppe der Senioren zuzuwenden. Mit der vorliegenden Studie werden erstmalig in Deutschland empirisch fundierte Forschungsergebnisse vorgelegt, wie kulturelle Bildungsangebote für Ältere gestaltet werden sollten, um den Bildungsbedürfnissen Älterer und den Veränderungen des Lernens im Alter gerecht zu werden.
Schwerpunkt der Publikation ist die Auswertung qualitativer Experteninterviews mit Teilnehmenden zwischen 60 und 85 Jahren sowie mit Dozenten kultureller Bildungsangebote für Senioren. Die Interviews liefern Erkenntnisse zu den Bedürfnissen von Senioren vom Weg zur Teilnahme an einem kulturellen Bildungsangebot bis hin zur Bedeutung der im Lehr-/Lernprozess entstandenen künstlerischen Produkte, wie erarbeitete Theaterstücke oder ein Chorrepertoire.
Die Publikation ist als Forschungsarbeit am Kompetenzzentrum für Kultur und Bildung im Alter (kubia) im Institut für Bildung und Kultur, Remscheid, entstanden. Sie richtet sich an Wissenschaftler und Praktiker aus Kunst, Kultur, (Erwachsenen-)Bildung und Altenarbeit, die sich mit den Bedürfnissen von Senioren in kulturellen Bildungsangeboten auseinandersetzen möchten.
</marc:subfield>
   </marc:datafield>
   <marc:datafield ind1=" " ind2=" " tag="020">
      <marc:subfield code="a">9783867363341</marc:subfield>
      <marc:subfield code="9">9783867363341</marc:subfield>
   </marc:datafield>
   <marc:datafield ind1=" " ind2=" " tag="041">
      <marc:subfield code="a">ger</marc:subfield>
   </marc:datafield>
   <marc:datafield ind1=" " ind2=" " tag="300">
      <marc:subfield code="a">248 S.</marc:subfield>
   </marc:datafield>
</marc:record>
